Statistisk Arsbok Göteborg 1984

Na minha lista:
Detalhes bibliográficos
Formato: Livro
Idioma:sueco
Publicado em: Göteborg Göteborgs Stadskansli 1984
Tags: Adicionar Tag
Sem tags, seja o primeiro a adicionar uma tag!

MARC

LEADER 00000nam a2200000 4500
001 c114610
005 20260327115104.4
041 0 |a swe 
044 |a SE 
245 1 0 |a Statistisk Arsbok Göteborg 1984 
264 1 |a Göteborg  |b Göteborgs Stadskansli  |c 1984 
300 |a 296 s.